| 000 | 00377nam a22001337a 4500 | ||
|---|---|---|---|
| 005 | 20250901165817.0 | ||
| 008 | 250402b |||||||| |||| 00| 0 eng d | ||
| 020 | _a9966441190 | ||
| 050 | _aPL 8704 .F37 2003 | ||
| 245 |
_aSwahili Sayings from Zanzibar 2 _bRIDDLES AND SUPERSTITIONS _cBy S. S. Farsi |
||
| 260 |
_aNairobi: _bKLB, _c2003. |
||
| 300 |
_a37 p.: _c19 cm. |
||
| 942 | _2lcc | ||
| 999 |
_c9529 _d9529 |
||